[Event "SR 3. liga A2 2010/2011"]
[Site "?"]
[Date "2010.10.17"]
[Round "1.7"]
[White "Bjel, Jan"]
[Black "Hrubos, Milan"]
[Result "0-1"]
[WhiteElo "1883"]
[BlackElo "1802"]
[PlyCount "64"]
[EventDate "2010.??.??"]
[WhiteTeam "Slovakia"]
[BlackTeam "II"]
[WhiteTeamCountry "SVK"]
[BlackTeamCountry "SVK"]

1. e4 c5 2. Nf3 d6 3. d4 cxd4 4. Nxd4 Nf6 5. Nc3 Nc6 6. Bc4 g6 7. h3 Bg7 8. Be3
Bd7 9. Qd2 O-O 10. Nf3 Rc8 11. Bb3 a6 12. Bh6 b5 13. a3 Na5 14. Ba2 Nc4 15.
Bxc4 Rxc4 16. Bxg7 Kxg7 17. Qe3 Rc5 18. Nh2 Qc7 19. Ng4 Bxg4 20. hxg4 Nxg4 21.
Qf4 h5 22. f3 Nf6 23. g4 Rxc3 24. gxh5 Rxc2 25. hxg6 fxg6 26. Qh6+ Kf7 27. Rg1
Rg8 28. Qe3 Rc8 29. Qh6 Rc1+ 30. Kf2 Rxg1 31. Rxg1 Qc2+ 32. Ke3 Qc5+ 0-1

[Event "SR 3. liga A2 2010/2011"]
[Site "?"]
[Date "2010.10.17"]
[Round "1.7"]
[White "Hagara, Vladimir"]
[Black "Vach, Jozef"]
[Result "1-0"]
[WhiteElo "1900"]
[BlackElo "1900"]
[PlyCount "85"]
[EventDate "2010.??.??"]
[WhiteTeam "Slovakia"]
[BlackTeam "II"]
[WhiteTeamCountry "SVK"]
[BlackTeamCountry "SVK"]

1. d4 Nf6 2. c4 e6 3. Nc3 d5 4. Bg5 Be7 5. e3 O-O 6. Nf3 c6 7. Rc1 Nbd7 8. Bd3
dxc4 9. Bxc4 h6 10. Bh4 Nb6 11. Bd3 Nbd5 12. O-O Bd7 13. Ne5 Rc8 14. Qe2 Nxc3
15. bxc3 Nd5 16. Bxe7 Nxe7 17. Bb1 Be8 18. Qc2 g6 19. Qb3 Rb8 20. Rfd1 Kg7 21.
Bd3 Nd5 22. Be2 f6 23. Nd3 Bf7 24. Qc2 g5 25. c4 Nc7 26. Qc3 Re8 27. Rd2 Re7
28. Rcd1 Bg6 29. Nc5 Ne8 30. Bf3 Nd6 31. e4 Qc8 32. e5 fxe5 33. dxe5 Nf7 34.
Rd7 Re8 35. Bg4 h5 36. Bxe6 Rxe6 37. Nxe6+ Kh6 38. Nc5 b6 39. e6 bxc5 40. exf7
Qf8 41. h4 g4 42. Qf6 Qg7 43. Qf4+ 1-0

[Event "SR 3. liga A2 2010/2011"]
[Site "?"]
[Date "2010.10.17"]
[Round "1.7"]
[White "Markuliak, Mario"]
[Black "Palka, Martin"]
[Result "0-1"]
[WhiteElo "1864"]
[BlackElo "1855"]
[PlyCount "62"]
[EventDate "2010.??.??"]
[WhiteTeam "Slovakia"]
[BlackTeam "II"]
[WhiteTeamCountry "SVK"]
[BlackTeamCountry "SVK"]

1. e4 c5 2. c4 Nc6 3. Nf3 d6 4. d4 cxd4 5. Nxd4 Nf6 6. Nc3 g6 7. Nb3 Bg7 8. Be3
O-O 9. Be2 a6 10. O-O Be6 11. f4 Na5 12. Nxa5 Qxa5 13. g4 Rac8 14. Nd5 Nxd5 15.
exd5 Bd7 16. Qb3 Qc7 17. Bb6 Qb8 18. f5 Be5 19. Rf3 gxf5 20. gxf5 Kh8 21. Qd3
f6 22. Qd2 Rg8+ 23. Kh1 Rg5 24. Raf1 Rcg8 25. Be3 Rg2 26. Rh3 Qc8 27. Rh5 Bxf5
28. Rfxf5 Qxf5 29. Rh6 Qb1+ 30. Qd1 Qxd1+ 31. Bxd1 Bf4 0-1

[Event "SR 3. liga A2 2010/2011"]
[Site "?"]
[Date "2010.10.17"]
[Round "1.7"]
[White "Matus, David"]
[Black "Jablonicky, Martin"]
[Result "1-0"]
[WhiteElo "1756"]
[BlackElo "1884"]
[PlyCount "45"]
[EventDate "2010.??.??"]
[WhiteTeam "Slovakia"]
[BlackTeam "II"]
[WhiteTeamCountry "SVK"]
[BlackTeamCountry "SVK"]

1. e4 c6 2. Nf3 d5 3. exd5 cxd5 4. d4 Nf6 5. Nc3 g6 6. g3 Bg7 7. Bg2 O-O 8. O-O
Nc6 9. Bg5 Bf5 10. Re1 e6 11. Ne5 h6 12. Bxf6 Bxf6 13. g4 Bxe5 14. dxe5 Be4 15.
Nxe4 dxe4 16. Qxd8 Rfxd8 17. Rxe4 Rd2 18. Rc1 Nd4 19. Kf1 Nxc2 20. Rc4 Nd4 21.
Ke1 Rd3 22. Be4 Rf3 23. Rxd4 1-0

[Event "SR 3. liga A2 2010/2011"]
[Site "?"]
[Date "2010.10.17"]
[Round "1.7"]
[White "Sandor, Stefan"]
[Black "Bednar, Jan"]
[Result "1/2-1/2"]
[WhiteElo "1682"]
[BlackElo "1000"]
[PlyCount "62"]
[EventDate "2010.??.??"]
[WhiteTeam "Slovakia"]
[BlackTeam "II"]
[WhiteTeamCountry "SVK"]
[BlackTeamCountry "SVK"]

1. e4 c5 2. d4 cxd4 3. Qxd4 Nc6 4. Qd3 e6 5. Nf3 d6 6. Nc3 Nf6 7. Be2 Be7 8.
O-O O-O 9. a3 a6 10. Qd1 b5 11. Bf4 Bb7 12. e5 dxe5 13. Nxe5 Nxe5 14. Bxe5 Nd5
15. Bf3 Qd7 16. Qd2 Rad8 17. Rad1 Bc6 18. Rfe1 Qb7 19. Nxd5 Bxd5 20. Bxd5 Rxd5
21. Qe2 Rfd8 22. Bc3 Qd7 23. Rxd5 Qxd5 24. Qe4 Qxe4 25. Rxe4 g6 26. Rd4 Rxd4
27. Bxd4 f6 28. f4 Kf7 29. Kf2 Bd6 30. Kf3 h5 31. h3 f5 1/2-1/2

[Event "SR 3. liga A2 2010/2011"]
[Site "?"]
[Date "2010.10.17"]
[Round "1.7"]
[White "Vegh, Vince"]
[Black "Curidlo, Jan"]
[Result "1/2-1/2"]
[WhiteElo "1947"]
[BlackElo "1827"]
[PlyCount "86"]
[EventDate "2010.??.??"]
[WhiteTeam "Slovakia"]
[BlackTeam "II"]
[WhiteTeamCountry "SVK"]
[BlackTeamCountry "SVK"]

1. e4 c5 2. Nf3 Nc6 3. d4 cxd4 4. Nxd4 g6 5. Nc3 Bg7 6. Be3 a6 7. a4 Qa5 8. Qd2
e6 9. Be2 Nge7 10. O-O O-O 11. f4 Qb4 12. Rfd1 Rd8 13. Nxc6 Nxc6 14. e5 Bf8 15.
Bf3 d5 16. Ne2 Bc5 17. Bxc5 Qxc5+ 18. Kh1 Bd7 19. c3 a5 20. Nc1 Be8 21. Nd3 Qe7
22. Nf2 f5 23. g4 d4 24. gxf5 gxf5 25. Rg1+ Kh8 26. Rg5 dxc3 27. Qxc3 Rac8 28.
Rag1 Bg6 29. h4 Rg8 30. Bxc6 Rxc6 31. Qg3 Rcc8 32. Nh3 Qf7 33. Qe1 b6 34. Qe3
Qb7+ 35. Kh2 Rc2+ 36. Nf2 Qe4 37. Qg3 h6 38. Kh3 Rxf2 39. Rxg6 Rxg6 40. Qxg6
Rf3+ 41. Rg3 Rxg3+ 42. Qxg3 Qh1+ 43. Qh2 Qf3+ 1/2-1/2

[Event "SR 3. liga A2 2010/2011"]
[Site "?"]
[Date "2010.10.17"]
[Round "1.8"]
[White "Berger, Patrik"]
[Black "Klanica, Anton"]
[Result "0-1"]
[WhiteElo "1720"]
[BlackElo "1851"]
[PlyCount "126"]
[EventDate "2010.??.??"]
[WhiteTeam "Slovakia"]
[BlackTeam "II"]
[WhiteTeamCountry "SVK"]
[BlackTeamCountry "SVK"]

1. e4 e6 2. d4 d5 3. exd5 exd5 4. Bd3 Bd6 5. Nf3 Nf6 6. O-O O-O 7. Bg5 Bg4 8.
Nbd2 Nbd7 9. c3 c6 10. Qc2 h6 11. Bh4 Qc7 12. h3 Bxf3 13. Nxf3 Rfe8 14. Rfe1 g5
15. Bxg5 hxg5 16. Nxg5 Nf8 17. h4 Bf4 18. g3 Bd6 19. Kg2 Re7 20. h5 Rae8 21.
Rh1 Ne4 22. Bxe4 dxe4 23. Qe2 f6 24. Qc4+ Kh8 25. Nh3 Qd7 26. Rae1 Nh7 27. Re3
f5 28. Kf1 Rg7 29. h6 Rg6 30. Nf4 Bxf4 31. gxf4 Qd5 32. Qa4 Qb5+ 33. Qxb5 cxb5
34. Rg3 Ree6 35. Ke2 Rxg3 36. fxg3 Nf6 37. b3 Ra6 38. Ra1 Rc6 39. Kd2 Kh7 40.
a4 Ra6 41. Rb1 Rb6 42. axb5 Rxb5 43. c4 Ra5 44. d5 Kxh6 45. Rh1+ Kg7 46. Kc3 b6
47. Kd4 Nd7 48. Rh5 Kf6 49. Rh6+ Kg7 50. Rh5 Kg6 51. Rg5+ Kf6 52. g4 fxg4 53.
Rxg4 Kf5 54. Rg7 Nf6 55. Rf7 Kg6 56. Re7 Ra1 57. c5 Rd1+ 58. Kc4 Rc1+ 59. Kb5
Rxc5+ 60. Ka6 Ra5+ 61. Kb7 Rxd5 62. Re6 Kf7 63. Rc6 Rd7+ 0-1

[Event "SR 3. liga A2 2010/2011"]
[Site "?"]
[Date "2010.10.17"]
[Round "1.8"]
[White "Gubis, Vladimir"]
[Black "Arpa, Zoltan"]
[Result "0-1"]
[WhiteElo "1795"]
[BlackElo "1917"]
[PlyCount "86"]
[EventDate "2010.??.??"]
[WhiteTeam "Slovakia"]
[BlackTeam "II"]
[WhiteTeamCountry "SVK"]
[BlackTeamCountry "SVK"]

1. d4 e6 2. c4 d5 3. Nc3 Nf6 4. Nf3 Be7 5. e3 O-O 6. Bd3 Nbd7 7. O-O c6 8. a4
Re8 9. Ne5 Nxe5 10. dxe5 Nd7 11. f4 Bc5 12. Qh5 g6 13. Qh6 Bf8 14. Qh3 Nc5 15.
Be2 Nb3 16. Rb1 Qb6 17. Kh1 Nxc1 18. Rfxc1 Bc5 19. Nd1 Qa5 20. Nc3 Qb4 21. g4
Qb6 22. Nd1 Bd7 23. Qg3 Bb4 24. h4 Qa5 25. Nf2 Qxa4 26. g5 Qa5 27. Ng4 Be7 28.
Nh6+ Kg7 29. Rd1 Qc7 30. h5 dxc4 31. Qh4 Rh8 32. Kg1 c5 33. Bxc4 Bc6 34. Bd3
Bf3 35. Rf1 Bxh5 36. Ng4 Bxg4 37. Qxg4 Rad8 38. Rbd1 c4 39. f5 exf5 40. Bxf5
Qxe5 41. Qe4 Qxe4 42. Bxe4 b6 43. Bd5 Rhf8 0-1

[Event "SR 3. liga A2 2010/2011"]
[Site "?"]
[Date "2010.10.17"]
[Round "1.8"]
[White "Holly, Milan"]
[Black "Bjel, Tomas"]
[Result "1-0"]
[WhiteElo "1862"]
[BlackElo "1743"]
[PlyCount "91"]
[EventDate "2010.??.??"]
[WhiteTeam "Slovakia"]
[BlackTeam "II"]
[WhiteTeamCountry "SVK"]
[BlackTeamCountry "SVK"]

1. Nf3 Nc6 2. b3 e5 3. Bb2 d6 4. e3 a6 5. Be2 Nf6 6. O-O Be7 7. c4 O-O 8. d4 e4
9. Nfd2 d5 10. cxd5 Qxd5 11. Nc3 Qf5 12. Qb1 Qg6 13. Ndxe4 Bf5 14. Bd3 Nxe4 15.
Bxe4 Bxe4 16. Qxe4 f5 17. Qf3 f4 18. Qe4 Qg4 19. h3 Qh4 20. Nd5 Bd6 21. exf4
Rae8 22. Qf3 Qh6 23. f5 Ne7 24. Nxe7+ Rxe7 25. Qxb7 Qf4 26. g3 Qxf5 27. Qg2 Re2
28. Bc1 Rf6 29. g4 Qd3 30. Be3 Bf4 31. Qd5+ Kf8 32. Bxf4 Rxf4 33. Qd8+ Re8 34.
Qxc7 Qxd4 35. Rad1 Qf6 36. Qd6+ Qxd6 37. Rxd6 Re2 38. Rxa6 Rd4 39. Kg2 Rdd2 40.
a4 Rb2 41. Rb6 Red2 42. a5 Rd3 43. a6 Ra2 44. Rb8+ Ke7 45. Rb7+ Rd7 46. Re1+
1-0

[Event "SR 3. liga A2 2010/2011"]
[Site "?"]
[Date "2010.10.17"]
[Round "1.8"]
[White "Kavon, Rastislav"]
[Black "Kahancova, Jana"]
[Result "1-0"]
[WhiteElo "1699"]
[BlackElo "1581"]
[PlyCount "37"]
[EventDate "2010.??.??"]
[WhiteTeam "Slovakia"]
[BlackTeam "II"]
[WhiteTeamCountry "SVK"]
[BlackTeamCountry "SVK"]

1. e4 e6 2. d4 d5 3. e5 c5 4. c3 Nc6 5. Nf3 Qb6 6. Bd3 Bd7 7. Bc2 cxd4 8. cxd4
Bb4+ 9. Nc3 Nge7 10. O-O Bxc3 11. bxc3 h6 12. h4 O-O 13. Qd3 g6 14. Bxh6 Rfe8
15. Bg5 Kh7 16. h5 Rg8 17. Bf6 Rgf8 18. Ng5+ Kg8 19. h6 1-0

[Event "SR 3. liga A2 2010/2011"]
[Site "?"]
[Date "2010.10.17"]
[Round "1.8"]
[White "Mraz, Jan"]
[Black "Kosar, Mikulas st"]
[Result "1/2-1/2"]
[WhiteElo "1000"]
[BlackElo "1835"]
[PlyCount "82"]
[EventDate "2010.??.??"]
[WhiteTeam "Slovakia"]
[BlackTeam "II"]
[WhiteTeamCountry "SVK"]
[BlackTeamCountry "SVK"]

1. d4 d5 2. c4 Nf6 3. Nc3 Bf5 4. e3 e6 5. Bd2 Ne4 6. Nxe4 Bxe4 7. Rc1 Be7 8.
Nf3 Nd7 9. cxd5 exd5 10. g3 c6 11. Bg2 Qb6 12. Bc3 Bb4 13. Qb3 Bxc3+ 14. Rxc3
Qxb3 15. Rxb3 Rb8 16. O-O O-O 17. Rc1 Nb6 18. Nd2 Bxg2 19. Kxg2 Rfe8 20. Rbc3
f5 21. b3 Nc8 22. Nf3 Nd6 23. Ne5 Re7 24. f3 Rc7 25. h3 Rbc8 26. g4 g6 27. a4
a6 28. g5 Nf7 29. Nxf7 Kxf7 30. f4 Ke6 31. Kf3 Re8 32. b4 Kd6 33. b5 axb5 34.
axb5 Ra8 35. b6 Re7 36. Rb3 Ra6 37. h4 Re8 38. Rh1 Raa8 39. h5 Rg8 40. hxg6
hxg6 41. Rh7 Rh8 1/2-1/2

[Event "SR 3. liga A2 2010/2011"]
[Site "?"]
[Date "2010.10.17"]
[Round "1.8"]
[White "Zisek, Jaroslav"]
[Black "Vlkovic, Pavol"]
[Result "0-1"]
[WhiteElo "1871"]
[BlackElo "1840"]
[PlyCount "28"]
[EventDate "2010.??.??"]
[WhiteTeam "Slovakia"]
[BlackTeam "II"]
[WhiteTeamCountry "SVK"]
[BlackTeamCountry "SVK"]

1. c4 Nf6 2. Nc3 d6 3. g3 g6 4. Bg2 Bg7 5. e4 O-O 6. Nge2 c5 7. O-O Nc6 8. d3
Bd7 9. h3 a6 10. Be3 Rb8 11. d4 cxd4 12. Nxd4 Qc8 13. Kh2 Nxd4 14. Qxd4 Ng4+
0-1

[Event "SR 3. liga A2 2010/2011"]
[Site "?"]
[Date "2010.10.31"]
[Round "2.1"]
[White "Blatnicky, Miroslav"]
[Black "Strakac, Petr"]
[Result "1-0"]
[WhiteElo "2119"]
[BlackElo "2046"]
[PlyCount "99"]
[EventDate "2010.??.??"]
[WhiteTeam "Slovakia"]
[BlackTeam "II"]
[WhiteTeamCountry "SVK"]
[BlackTeamCountry "SVK"]

1. e4 e5 2. Nf3 Nc6 3. Bb5 a6 4. Ba4 Nf6 5. O-O Be7 6. Re1 b5 7. Bb3 d6 8. h3
O-O 9. c3 Na5 10. Bc2 c5 11. d4 Nc6 12. Be3 Re8 13. a4 b4 14. Nbd2 Qc7 15. Rc1
bxc3 16. bxc3 Na5 17. Qe2 Nd7 18. Nb3 Rb8 19. Rb1 Nxb3 20. Bxb3 Bf6 21. Ng5
Bxg5 22. Bxg5 exd4 23. cxd4 Rb4 24. Qf3 Nf8 25. dxc5 dxc5 26. Bf4 Qb7 27. Bd2
Rd4 28. Bc3 Rd6 29. Bd5 Qe7 30. Red1 Rg6 31. Bb2 Ne6 32. Qe3 Qh4 33. Be5 Qg5
34. Qxg5 Nxg5 35. Bg3 h5 36. Kh2 Bd7 37. Bxf7+ Nxf7 38. Rxd7 Rc8 39. Rbb7 Nd8
40. Rbc7 Ra8 41. Rxc5 Ne6 42. Rxh5 Rc8 43. Rd6 Rc4 44. Rxa6 Rxe4 45. Ra8+ Kf7
46. Rf5+ Ke7 47. Ra7+ Kd8 48. Rb5 Ke8 49. Rb8+ Nd8 50. Raa8 1-0

[Event "SR 3. liga A2 2010/2011"]
[Site "?"]
[Date "2010.11.20"]
[Round "2.1"]
[White "Bukovsky, Milan"]
[Black "Horak, Ivan"]
[Result "1/2-1/2"]
[WhiteElo "1985"]
[BlackElo "2080"]
[PlyCount "119"]
[EventDate "2010.??.??"]
[WhiteTeam "Slovakia"]
[BlackTeam "II"]
[WhiteTeamCountry "SVK"]
[BlackTeamCountry "SVK"]

1. c4 e5 2. Nc3 Nf6 3. Nf3 Nc6 4. e4 Bb4 5. d3 Bxc3+ 6. bxc3 d6 7. g3 O-O 8.
Bg2 b6 9. O-O Be6 10. Bb2 Qc8 11. Qd2 Bh3 12. Rae1 Bxg2 13. Kxg2 Nd7 14. Nh4
Qe8 15. d4 Na5 16. Qe2 f6 17. Nf5 Qf7 18. d5 Kh8 19. Bc1 Rfe8 20. h4 Rad8 21.
h5 Nc5 22. Rh1 Qd7 23. Rh4 Na4 24. Rg4 Rg8 25. Rg6 Qf7 26. Rh1 Rd7 27. Rh4 Qe8
28. Rhg4 Nc5 29. Nh6 hxg6 30. Nf7+ Qxf7 31. hxg6 Qxg6 32. Rxg6 Rf8 33. Qh5+ Kg8
34. Be3 Nab7 35. Qg4 Rff7 36. Bxc5 Nxc5 37. Rh6 Kf8 38. Rh8+ Ke7 39. Rg8 g5 40.
f3 Rd8 41. Rxd8 Kxd8 42. Qh5 Rf8 43. Qh7 Nd7 44. Kf2 Re8 45. Ke2 Rf8 46. Kd2
Re8 47. Kc2 Rf8 48. Kb2 Re8 49. Ka3 Rf8 50. Kb4 a6 51. Qg7 Re8 52. a4 Rf8 53.
a5 Re8 54. axb6 cxb6 55. Qh7 Rf8 56. Qf5 Re8 57. Ka3 Kc7 58. Qh3 Kd8 59. Qh1
Kc7 60. Qh7 1/2-1/2

[Event "SR 3. liga A2 2010/2011"]
[Site "?"]
[Date "2010.10.31"]
[Round "2.1"]
[White "Janko, Michal"]
[Black "Gasa, Andrej"]
[Result "1/2-1/2"]
[WhiteElo "2274"]
[BlackElo "2256"]
[PlyCount "56"]
[EventDate "2010.??.??"]
[WhiteTeam "Slovakia"]
[BlackTeam "II"]
[WhiteTeamCountry "SVK"]
[BlackTeamCountry "SVK"]

1. b3 e5 2. Bb2 Nc6 3. e3 Nf6 4. c4 Be7 5. d3 d5 6. cxd5 Nxd5 7. a3 O-O 8. Nf3
Bf6 9. Qc2 Re8 10. Be2 g6 11. O-O Bg7 12. b4 a6 13. Nbd2 Nb8 14. Rfd1 c6 15. d4
exd4 16. Bxd4 Bxd4 17. Nxd4 Qe7 18. N2b3 Nd7 19. Bf3 N7f6 20. Na5 Bg4 21. Qc5
Bxf3 22. Qxe7 Rxe7 23. gxf3 Rae8 24. Rac1 Kg7 25. Ndb3 Rc8 26. Nd4 Rce8 27.
Ndb3 Rc8 28. Nd4 Rce8 1/2-1/2

[Event "SR 3. liga A2 2010/2011"]
[Site "?"]
[Date "2010.10.31"]
[Round "2.1"]
[White "Kovacocy, Pavel"]
[Black "Pribila, Gerhard"]
[Result "1-0"]
[WhiteElo "2239"]
[BlackElo "2032"]
[PlyCount "137"]
[EventDate "2010.??.??"]
[WhiteTeam "Slovakia"]
[BlackTeam "II"]
[WhiteTeamCountry "SVK"]
[BlackTeamCountry "SVK"]

1. e4 c5 2. d3 g6 3. g3 Bg7 4. Bg2 Nc6 5. f4 e6 6. Nf3 Nge7 7. O-O Nd4 8. Nbd2
Nec6 9. c3 Nxf3+ 10. Qxf3 d6 11. Nc4 O-O 12. Ne3 Rb8 13. f5 Ne5 14. Qe2 exf5
15. exf5 Re8 16. Be4 Nd7 17. Nd5 Nb6 18. fxg6 hxg6 19. Qf3 f5 20. Nxb6 axb6 21.
Bd5+ Be6 22. g4 Qd7 23. gxf5 gxf5 24. Qxf5 Qc8 25. Bf4 Bxd5 26. Qxd5+ Qe6 27.
Qg2 Qe2 28. Qd5+ Qe6 29. Qxe6+ Rxe6 30. Rae1 Rbe8 31. Kf2 Bf6 32. Bxd6 Rxe1 33.
Rxe1 Rd8 34. Be7 Bxe7 35. Rxe7 Rxd3 36. Re3 Rd2+ 37. Re2 Rd3 38. Ke1 b5 39. Rd2
Rh3 40. Kd1 Rh6 41. Rf2 Kg7 42. Kc2 Rh4 43. Kd3 Kg6 44. Ke3 b4 45. Kd3 b5 46.
cxb4 Rxb4 47. Rc2 Rd4+ 48. Ke3 Rd5 49. h4 Re5+ 50. Kf4 Rf5+ 51. Kg4 Rd5 52. Rh2
Rd4+ 53. Kf3 b4 54. Ke3 Rg4 55. Kd3 c4+ 56. Kc2 Rg3 57. Rh1 Kh5 58. Kb1 b3 59.
axb3 cxb3 60. Kc1 Rg2 61. Rh3 Kg4 62. Rxb3 Kxh4 63. Rf3 Kg5 64. Kb1 Kg6 65. Ka2
Kg7 66. Ka3 Rg6 67. b4 Ra6+ 68. Kb3 Rb6 69. Ka4 1-0

[Event "SR 3. liga A2 2010/2011"]
[Site "?"]
[Date "2010.10.31"]
[Round "2.1"]
[White "Lesny, Stefan"]
[Black "Abel, Peter"]
[Result "0-1"]
[WhiteElo "2100"]
[BlackElo "2172"]
[PlyCount "110"]
[EventDate "2010.??.??"]
[WhiteTeam "Slovakia"]
[BlackTeam "II"]
[WhiteTeamCountry "SVK"]
[BlackTeamCountry "SVK"]

1. e4 Nf6 2. Nc3 d5 3. e5 d4 4. exf6 dxc3 5. fxg7 cxd2+ 6. Qxd2 Qxd2+ 7. Bxd2
Bxg7 8. O-O-O Nc6 9. Bb5 Bd7 10. Ne2 a6 11. Ba4 O-O-O 12. Rhe1 Rhg8 13. Ng3 e6
14. Re4 b5 15. Bb3 Nd4 16. Bg5 Nxb3+ 17. axb3 Bxb2+ 18. Kxb2 Rxg5 19. Red4 Rgg8
20. f3 Bc6 21. Kc3 a5 22. Ra1 Rxd4 23. Kxd4 a4 24. Kc5 Bd7 25. bxa4 bxa4 26. c4
Kd8 27. Ra2 f5 28. Nh5 Ke7 29. Nf4 Rb8 30. Nd3 Rb3 31. Ne5 a3 32. g3 Be8 33. f4
h5 34. Kd4 h4 35. gxh4 Rh3 36. Nd3 Bc6 37. Rxa3 Be4 38. Rb3 Bxd3 39. Rxd3 c5+
40. Kc3 Rxh2 41. Kb3 Rxh4 42. Ka4 Rxf4 43. Kb5 Rd4 44. Ra3 Kd6 45. Ra6+ Ke5 46.
Kxc5 Rd1 47. Ra8 f4 48. Rf8 Ke4 49. Kb6 e5 50. c5 Rb1+ 51. Kc7 Ke3 52. c6 e4
53. Kd6 Rd1+ 54. Ke5 Rc1 55. Rxf4 Rc5+ 0-1

[Event "SR 3. liga A2 2010/2011"]
[Site "?"]
[Date "2010.10.31"]
[Round "2.1"]
[White "Veselsky, Jozef"]
[Black "Jablonicky, Frantisek"]
[Result "1/2-1/2"]
[WhiteElo "2118"]
[BlackElo "2150"]
[PlyCount "124"]
[EventDate "2010.??.??"]
[WhiteTeam "Slovakia"]
[BlackTeam "II"]
[WhiteTeamCountry "SVK"]
[BlackTeamCountry "SVK"]

1. d4 f5 2. g3 Nf6 3. Bg2 g6 4. Nf3 Bg7 5. O-O d6 6. c4 O-O 7. Nc3 Qe8 8. Bf4
h6 9. d5 c5 10. Qc2 g5 11. Bd2 Nh5 12. e3 Bd7 13. Rae1 Na6 14. a3 Nc7 15. Ne2
b5 16. b3 Rb8 17. Rb1 e5 18. dxe6 Bxe6 19. Ba5 Qe7 20. Nd2 Nf6 21. Nc3 a6 22.
Rfd1 Rfd8 23. Bf1 Nfe8 24. e4 f4 25. Nd5 Qf7 26. Bc3 Nxd5 27. cxd5 fxg3 28.
hxg3 Bg4 29. Re1 Nf6 30. Bg2 Nd7 31. Bxg7 Qxg7 32. f3 Bh5 33. Rf1 Bg6 34. Qb2
Rf8 35. Qxg7+ Kxg7 36. f4 g4 37. Rbc1 Rbc8 38. Rfe1 Rfe8 39. a4 Re7 40. axb5
axb5 41. Bf1 Rb8 42. Ra1 Nf6 43. Bg2 Rbe8 44. e5 Nd7 45. e6 Nf6 46. Ra6 Rd8 47.
Rea1 Bd3 48. Rc6 c4 49. bxc4 Bxc4 50. Nxc4 bxc4 51. Rxc4 h5 52. Ra6 Rb7 53. Rc2
Ne8 54. Rca2 Rdb8 55. Ra7 Kf8 56. Be4 Ke7 57. Ra8 Rxa8 58. Rxa8 Nf6 59. Bg2
Rb1+ 60. Kh2 Rb7 61. Rh8 Rb2 62. Kg1 Rb1+ 1/2-1/2

[Event "SR 3. liga A2 2010/2011"]
[Site "?"]
[Date "2010.10.31"]
[Round "2.2"]
[White "Kocak, Branislav"]
[Black "Cechovic, Stefan"]
[Result "1/2-1/2"]
[WhiteElo "1927"]
[BlackElo "2190"]
[PlyCount "94"]
[EventDate "2010.??.??"]
[WhiteTeam "Slovakia"]
[BlackTeam "II"]
[WhiteTeamCountry "SVK"]
[BlackTeamCountry "SVK"]

1. d4 Nf6 2. c4 e6 3. Nf3 b6 4. Bg5 Bb7 5. e3 Be7 6. Nc3 O-O 7. Bd3 d5 8. O-O
Nbd7 9. Rc1 c5 10. Re1 Rc8 11. Nd2 dxc4 12. Nxc4 cxd4 13. exd4 Nd5 14. Bxe7
Qxe7 15. Nxd5 Bxd5 16. Ne3 Nf6 17. a3 Qd7 18. Qd2 Rfd8 19. Rxc8 Rxc8 20. Rc1
Rxc1+ 21. Qxc1 Bb7 22. Qc3 h6 23. h3 Be4 24. Ba6 Kf8 25. f3 Bb7 26. Bxb7 Qxb7
27. Kf2 Qd7 28. Ng4 Nxg4+ 29. hxg4 f6 30. Ke3 Ke7 31. Qb4+ Qd6 32. Qc3 Qg3 33.
Qb4+ Qd6 34. Qc3 Kd7 35. Qc4 Qc6 36. Qxc6+ Kxc6 37. Ke4 Kd6 38. f4 g6 39. f5
exf5+ 40. gxf5 g5 41. g4 Kc6 42. a4 a6 43. b4 b5 44. d5+ Kc7 45. a5 Kd7 46. Ke3
Kc7 47. Kd3 Kd7 1/2-1/2

[Event "SR 3. liga A2 2010/2011"]
[Site "?"]
[Date "2010.10.31"]
[Round "2.2"]
[White "Kubis, Ivan"]
[Black "Hirmajer, Jan"]
[Result "1-0"]
[WhiteElo "1980"]
[BlackElo "2030"]
[PlyCount "99"]
[EventDate "2010.??.??"]
[WhiteTeam "Slovakia"]
[BlackTeam "II"]
[WhiteTeamCountry "SVK"]
[BlackTeamCountry "SVK"]

1. e4 c5 2. Nf3 Nc6 3. d4 cxd4 4. Nxd4 g6 5. c4 Bg7 6. Be3 d6 7. Nc3 Nf6 8. Be2
Ng4 9. Bxg4 Bxg4 10. Qxg4 Nxd4 11. Qd1 Nc6 12. Rc1 O-O 13. O-O Qa5 14. Qd2 Rac8
15. b3 Rfe8 16. f4 e6 17. Rfd1 a6 18. Na4 Qxd2 19. Rxd2 Bf8 20. Nb6 Rcd8 21.
Rcd1 f5 22. exf5 gxf5 23. a3 Kf7 24. Kf2 e5 25. Nd5 Rc8 26. g3 Na5 27. Rb1 b5
28. Bb6 Nb7 29. cxb5 axb5 30. Nc7 Nc5 31. Bxc5 Rxc7 32. Bb4 e4 33. Ke3 Ke6 34.
Rbd1 Rc6 35. Rd5 Rb8 36. g4 fxg4 37. Kxe4 h5 38. Rxh5 d5+ 39. Rdxd5 Bxb4 40.
Rh6+ Kf7 41. Rxc6 Bxa3 42. Rd7+ Ke8 43. Rh7 Bb2 44. Rg6 Kf8 45. Rxg4 b4 46. Rg6
Re8+ 47. Kd5 Re3 48. Ra6 Kg8 49. Rb7 Re8 50. Rxb4 1-0

[Event "SR 3. liga A2 2010/2011"]
[Site "?"]
[Date "2010.10.31"]
[Round "2.2"]
[White "Mihalik, Marek"]
[Black "Merva, Frantisek"]
[Result "0-1"]
[WhiteElo "2080"]
[BlackElo "2038"]
[PlyCount "80"]
[EventDate "2010.??.??"]
[WhiteTeam "Slovakia"]
[BlackTeam "II"]
[WhiteTeamCountry "SVK"]
[BlackTeamCountry "SVK"]

1. d4 Nf6 2. c4 e6 3. Nf3 d5 4. Nc3 c6 5. cxd5 exd5 6. Bg5 Be7 7. e3 Bf5 8. Bd3
Bxd3 9. Qxd3 Nbd7 10. O-O h6 11. Bh4 O-O 12. Rac1 Re8 13. a3 Nb6 14. Ne5 Nfd7
15. Bxe7 Qxe7 16. Nxd7 Qxd7 17. b3 Qg4 18. f3 Qh4 19. e4 dxe4 20. fxe4 Rad8 21.
a4 f6 22. a5 Nc8 23. a6 b5 24. g3 Qg4 25. Rf4 Qe6 26. Na2 c5 27. Rxc5 Qxa6 28.
Nc3 Qb6 29. Qxb5 Qxb5 30. Nxb5 Nd6 31. e5 Nxb5 32. exf6 Nd6 33. fxg7 Rd7 34.
Rg4 Nf7 35. Rc6 Rb7 36. Ra6 Re2 37. Kf1 Rbe7 38. h4 R2e6 39. Ra5 Nd6 40. b4 Nc4
0-1

[Event "SR 3. liga A2 2010/2011"]
[Site "?"]
[Date "2010.11.20"]
[Round "2.2"]
[White "Sefcik, Marek"]
[Black "Halas, Miroslav"]
[Result "1-0"]
[WhiteElo "2025"]
[BlackElo "1935"]
[PlyCount "143"]
[EventDate "2010.??.??"]
[WhiteTeam "Slovakia"]
[BlackTeam "II"]
[WhiteTeamCountry "SVK"]
[BlackTeamCountry "SVK"]

1. d4 d5 2. Bf4 Nf6 3. e3 Bf5 4. Bd3 Bxd3 5. Qxd3 c6 6. Nd2 e6 7. Ngf3 Nbd7 8.
h3 Rc8 9. O-O Be7 10. c3 O-O 11. Ne5 Nxe5 12. Bxe5 Bd6 13. f4 Qe7 14. Rae1 Nd7
15. e4 Bxe5 16. fxe5 dxe4 17. Nxe4 Rfd8 18. Qe3 Nb6 19. Rf3 Nd5 20. Qf2 f5 21.
exf6 Nxf6 22. Nc5 Rd6 23. Qe2 Re8 24. Re3 Kf7 $11 25. Qc4 b5 26. Qf1 Qd8 27.
Nb7 Qb8 28. Nxd6+ Qxd6 29. Re5 Kg8 30. Qe2 Kf7 31. Qf3 Kg8 32. Rf1 h6 33. Rc5
Rc8 34. Re5 Rf8 35. Qe2 Re8 36. Qf2 Rf8 37. Qg3 Rf7 38. Qg6 Rf8 39. Rfe1 Re8
40. b4 Re7 41. R1e3 Qd7 42. g4 Nd5 43. Rf3 Nxc3 44. Rxc3 Qxd4+ 45. Rce3 Rf7 46.
Qe4 Qa1+ 47. Re1 Qxa2 48. Rf1 Rxf1+ 49. Kxf1 Qh2 50. Qe3 Qh1+ 51. Ke2 Qg2+ 52.
Kd3 Qf1+ 53. Qe2 Qxh3+ 54. Re3 Qh1 55. Kc2 Qa1 56. Rb3 Qa2+ 57. Rb2 Qd5 58. Kc3
a5 59. Rd2 axb4+ 60. Kxb4 Qc4+ 61. Qxc4 bxc4 62. Kxc4 Kf7 63. Kd4 Kf6 64. Ke4
Kg5 65. Kf3 e5 66. Rc2 Kh4 67. Rh2+ Kg5 68. Rh5+ Kf6 69. Ke4 c5 70. Rxe5 c4 71.
Rc5 g6 72. Kf3 1-0

[Event "SR 3. liga A2 2010/2011"]
[Site "?"]
[Date "2010.10.31"]
[Round "2.2"]
[White "Sekera, Branislav"]
[Black "Meszaros, Lorant"]
[Result "1-0"]
[WhiteElo "2149"]
[BlackElo "2076"]
[PlyCount "91"]
[EventDate "2010.??.??"]
[WhiteTeam "Slovakia"]
[BlackTeam "II"]
[WhiteTeamCountry "SVK"]
[BlackTeamCountry "SVK"]

1. Nf3 f5 2. d3 d6 3. g3 g6 4. Bg2 Bg7 5. O-O Nf6 6. c3 O-O 7. Nbd2 c6 8. e4
Kh8 9. exf5 Bxf5 10. d4 Qd7 11. Re1 Na6 12. Qb3 Nc7 13. Nh4 Bh3 14. Bh1 Ng4 15.
Ne4 Nd5 16. f3 Nh6 17. Ng5 Nf5 18. Nxf5 Bxf5 19. g4 h6 20. Nh3 Be6 21. Qc2 g5
22. Bd2 Bg8 23. Rad1 Bh7 24. Qc1 Rf7 25. Bg2 Raf8 26. Rf1 e5 27. c4 Nf4 28.
Bxf4 exf4 29. d5 c5 30. Rfe1 Re8 31. Bf1 Rfe7 32. b3 Re3 33. Kg2 Bc3 34. Rxe3
Rxe3 35. Nf2 Qe7 36. Bd3 Bxd3 37. Qxc3+ Kg8 38. Rxd3 Re2 39. Rd2 Re3 40. Qc2
Kg7 41. Ne4 h5 42. h3 hxg4 43. hxg4 Kf8 44. Re2 Rxe2+ 45. Qxe2 Qe5 46. Qd2 1-0